Lm̕ites y desigualdades en el empoderamiento de las mujeres en el PAN, PRI y PRD

Bibliographic Details
Main Author: Gonzl̀ez Marn̕, Mara̕ Luisa
Other Authors: Rodrg̕uez Lp̤ez, Patricia
Format: eBook
Published: Ciudad de Mx̌ico: Cm̀ara de Diputados, 2008
Subjects:
Online Access:Acceso restringido

MARC

LEADER 00000nam a22000007a 4500
005 20171213150937.0
007 cr|||| ||||
008 171213s2008 mx |||||s|||| 00||0 esp d
020 |a 978-970-819-114-2 
035 |a 20901 
040 |a vLex 
090 |c 7313  |d 7313 
100 1 |a Gonzl̀ez Marn̕, Mara̕ Luisa 
245 1 0 |a Lm̕ites y desigualdades en el empoderamiento de las mujeres en el PAN, PRI y PRD  |h [Recurso electrn̤ico]  |c Mara̕ Luisa Gonzl̀ez Marn̕; Patricia Rodrg̕uez Lp̤ez 
256 |a Servicio en ln̕ea 
260 |a Ciudad de Mx̌ico:  |b Cm̀ara de Diputados,  |c 2008 
300 |a 1 recurso electrn̤ico 
506 1 |a Disponible solo en los productos indicados  |d vLex Global  |d vLex Global (Academic Edition, excluding Law Schools)  |d vLex Global (U.S. Academic Edition, Law Schools)  |d vLex Global (U.S. Academic Edition, excluding Law Schools)  |d vLex Global (Academic Edition, Law Schools) 
650 0 4 |a Derecho Civil  |z Mx̌ico 
650 0 4 |a Derecho Pb︢lico  |z Mx̌ico 
650 0 4 |a Derecho Administrativo  |z Mx̌ico 
650 0 4 |a Derecho Constitucional  |z Mx̌ico 
700 1 |a Rodrg̕uez Lp̤ez, Patricia 
740 0 |a vLex Libros (Servicio en ln̕ea) 
856 4 0 |u http://vlex.com/source/limites-y-desigualdades-en-el-empoderamiento-de-las-mujeres-en-el-pan-pri-y-prd-20901  |z Acceso restringido 
942 |c BOOK 
999 0 |a Civil Law 
999 0 |a Public law 
999 0 |a Administrative law